000 00839cam a22002893a 4500
001 16405601
003 LC
005 20160310152929.0
008 861231s1987 nyu 000 1 eng d
010 _a 98816054
020 _a0425094723
035 _a(OCoLC)ocm15027184
040 _aMLN
_cMLN
_dAZU
_dDLC
050 0 0 _aPS 3561
_b.K18 1987
082 _aFIC
_bK14l 1987
100 1 _aKary, Elizabeth.
_921792
245 1 0 _aLet no man divide /
_cElizabeth Kary.
260 _aNew York :
_bBerkley Books,
_c1987.
300 _a453 p. :
_c18 cm.
650 _aFiction.
_9746
650 _aRomance -- Fiction.
655 7 _aHistorical fiction.
_2gsafd
_92926
710 2 _aCopyright Paperback Collection (Library of Congress)
_5DLC
_9705
906 _a7
_bcbc
_ccopycat
_d2
_encip
_f19
_gy-genrareb
942 _2lcc
_cBK
999 _c12156
_d12156